Researchers’ Day Conference Proceedings – Budapest University of Economics and Business 2025

Bibliographic Details
Main Author: Szegedi Krisztina
Format: Book
Published: Budapesti Gazdaságtudományi Egyetem Budapest 2026
Subjects:
doi:10.29180/978-615-6886-26-2

Online Access:http://publikaciotar.uni-bge.hu/2622

MARC

LEADER 00000nam a2200000 i 4500
001 publ2622
005 20260325081805.0
008 260324s2026 hu o 000 zxx d
020 |a 978-615-6886-26-2 
024 |a 10.29180/978-615-6886-26-2  |2 doi 
040 |a BGE Publikációtár Repozitórium  |b hun 
100 1 |a Szegedi Krisztina 
245 1 0 |a Researchers’ Day Conference Proceedings – Budapest University of Economics and Business 2025  |c Szegedi Krisztina  |h [elektronikus dokumentum] 
260 |a Budapesti Gazdaságtudományi Egyetem  |b Budapest  |c 2026 
300 |a 83 
300 |a 1-83 
650 4 |a közgazdaságtudományok 
856 4 0 |u https://publikaciotar.uni-bge.hu/id/eprint/2622/1/KUTAT%C3%93I%20NAP%202025%20-%20Full%20edition%20%28revised%29.pdf  |z Dokumentum-elérés